000 00329nam a2200133Ia 4500
008 240624s9999 xx 000 0 und d
041 _aeng
082 _a519.5 FAH
100 _aFAHRMEIR L
245 _aREGRESSION MODELS METHODS AND APPLICATIO
260 _c2013
_aNew Delhi
_bSpringer
300 _a698 : p.
365 _cERU
_b28
999 _c23991
_d23991